ბათუმის შოთა რუსთაველის სახელმწიფო უნივერსიტეტის ბიბლიოთეკა

Bradley's neurology in clinical practice : (ბიბ.ჩანაწერი № 57386)

000 -LEADER
fixed length control field 00915cam a2200241 a 4500
001 - CONTROL NUMBER
control field 16884006
005 - DATE AND TIME OF LATEST TRANSACTION
control field 20221107124236.0
008 - FIXED-LENGTH DATA ELEMENTS--GENERAL INFORMATION
fixed length control field 110719s2012 paua b 001 0 eng
020 ## - INTERNATIONAL STANDARD BOOK NUMBER
International Standard Book Number 9781437704341 X
020 ## - INTERNATIONAL STANDARD BOOK NUMBER
International Standard Book Number 9780323287838 X
041 ## - LANGUAGE CODE
Language code of text/sound track or separate title eng
080 ## - UNIVERSAL DECIMAL CLASSIFICATION NUMBER
Universal Decimal Classification number 616.8 B-86
245 00 - TITLE STATEMENT
Title Bradley's neurology in clinical practice :
Remainder of title Volume 2 /
Statement of responsibility, etc. [edited by] Robert B. Daroff ... [et al.].
246 1# - VARYING FORM OF TITLE
Title proper/short title Neurology in clinical practice
250 ## - EDITION STATEMENT
Edition statement 6th ed.
264 ## - PRODUCTION, PUBLICATION, DISTRIBUTION, MANUFACTURE, AND COPYRIGHT NOTICE
Place of production, publication, distribution, manufacture Philadelphia, PA :
Name of producer, publisher, distributor, manufacturer Elsevier/Saunders,
Date of production, publication, distribution, manufacture, or copyright notice 2012.
300 ## - PHYSICAL DESCRIPTION
Extent 552 p. :
Other physical details ill. (some col.) ;
Dimensions 29 cm.
653 ## - INDEX TERM--UNCONTROLLED
keyword ბრედლის ნევროლოგია კლინიკურ პრაქტიკაში
653 ## - INDEX TERM--UNCONTROLLED
keyword მედიცინა
700 1# - ADDED ENTRY--PERSONAL NAME
Personal name Daroff, Robert B.
9 (RLIN) 8392
Relator term რედაქტორი
700 1# - ADDED ENTRY--PERSONAL NAME
Personal name Bradley, W. G.
Fuller form of name (Walter George)
9 (RLIN) 8393
Relator term რედაქტორი
942 ## - ADDED ENTRY ELEMENTS (KOHA)
Source of classification or shelving scheme
Koha item type წიგნი
ეგზემპლარები
Withdrawn status Lost status Source of classification or shelving scheme Damaged status Not for loan Permanent Location Current Location Shelving location Date acquired Cost, normal purchase price Full call number Barcode Date last seen Copy number Price effective from Koha item type Public note
          ბათუმის შოთა რუსთაველის სახელმწიფო უნივერსიტეტის მთავარი ბიბლიოთეკა ბათუმის შოთა რუსთაველის სახელმწიფო უნივერსიტეტის მთავარი ბიბლიოთეკა წიგნსაცავი 2020-06-15 516.00 616.8 B-86 60583 2020-06-15 60583 2020-06-15 წიგნი 516 ლ.